000 00303 a2200145 4500
001 167931
020 _a
040 _cMagnum
100 _aAires, Margarida de Mello (Org)
240 1 0 _aFisiologia
_lpor
245 1 0 _aFisiologia
362 0 _a1899
697 _aCIENCIAS MEDICAS SAUDE
942 _cBK
999 _c167931
_d167931